000 01217nam a2200289Ia 4500
001 ebr10055121
003 CaPaEBR
006 m u
007 cr cn|||||||||
008 000804s1997 dcuc sb 000 0ceng d
020 _z0585220239 (electronic bk.) :
020 _z0309057884
040 _aCaPaEBR
_cCaPaEBR
035 _a(OCoLC)70753722
050 1 4 _aQ141
_b.N38 v.72 1997eb
110 2 _aNational Academy of Sciences (U.S.)
245 1 0 _aBiographical memoirs.
_nVolume 72 /
_h[electronic resource] /
_cNational Academy of Sciences of the United States of America.
260 _aWashington, D.C. :
_bNational Academy Press,
_c1997.
300 _aviii, 398 p. :
_bports.
504 _aIncludes bibliographical references.
533 _aElectronic reproduction.
_bPalo Alto, Calif. :
_cebrary,
_d2009.
_nAvailable via World Wide Web.
_nAccess may be limited to ebrary affiliated libraries.
650 0 _aScientists
_zUnited States
_vBiography.
650 0 _aScience
_zUnited States
_vBiography.
655 7 _aElectronic books.
_2local
710 2 _aebrary, Inc.
856 4 0 _uhttp://site.ebrary.com/lib/rucke/Doc?id=10055121
_zAn electronic book accessible through the World Wide Web; click to view
999 _c165987
_d165986